The Monster - Eminem Ft. Rihanna Verse 1 Lyrics - Statistics

General Stats
  • This quiz has been taken 246 times
  • The average score is 103 of 185
Answer Stats
Answer % Correct
I
100%
the
94%
monster
93%
a
92%
I'm
92%
my
92%
be
91%
in
91%
with
90%
you
90%
bed
88%
friends
88%
head
88%
of
84%
that's
84%
to
84%
under
84%
Get
83%
get
83%
inside
83%
voices
83%
along
82%
me
81%
crazy
79%
think
79%
not
75%
trying
75%
your
75%
yeah
73%
And
69%
and
69%
breath
69%
holding
69%
stop
69%
well
67%
save
66%
but
60%
But
60%
You're
57%
can't
56%
Oh
56%
wanted
52%
Wanted
52%
fame
49%
Fame
49%
it
49%
It
49%
for
46%
For
46%
guess
46%
alone
43%
excuse
43%
left
42%
music
42%
public
42%
attention
41%
choosey
41%
cover
41%
too
41%
'cause
39%
'Cause
39%
ego
38%
all
37%
beggars
37%
inflated
37%
One
37%
so
37%
Newsweek
36%
Bruce
35%
made
35%
'cause
34%
two
34%
balloon
33%
Lee
33%
was
33%
cake
32%
eat
31%
When
31%
when
31%
ink
29%
as
28%
both
28%
recieve
28%
wantin'
28%
confusing
27%
lose
27%
sheep
27%
ways
27%
what
27%
Going
25%
loose
25%
lottery
25%
than
25%
blew
24%
sleep
24%
Abused
23%
Hit
23%
used
23%
leaf
20%
tool
20%
weirder
20%
see
19%
shrink
19%
up
19%
actually
18%
gettin'
18%
like
18%
need
18%
steam
18%
beginning
17%
bittersweet
16%
do's
15%
huge
15%
gave
14%
Ooh
13%
winnin'
13%
coo-coo
12%
kooky
10%
Ironic
9%
Keith
9%
Kool
8%
mink
5%
ooh-wee
5%
No matching quizzes found
Score Distribution
Percent of People with Each Score
Percentile by Number Answered
Your Score History
You have not taken this quiz